Loading...
History - Other History | 0 | 3 | 0 | 0 | 30 | 70 | 101.00 | 3 | 3 |
Literature - European Literature | 0 | 3 | 0 | 0 | 30 | 109 | 112.67 | 1 | 3 |
Literature - World Literature | 0 | 3 | 0 | 0 | 30 | 48 | 82.33 | 1 | 3 |
Science - Biology | 0 | 2 | 0 | 0 | 20 | 70 | 72.50 | 1 | 2 |
Social Science | 0 | 1 | 0 | 0 | 10 | 93 | 93.00 | 1 | 1 |
Fine Arts - Painting & Sculpture | 0 | 1 | 0 | 0 | 10 | 123 | 123.00 | 1 | 1 |
Literature - American Literature | 0 | 1 | 0 | 0 | 10 | 45 | 45.00 | 0 | 1 |
Literature - British Literature | 0 | 1 | 0 | 0 | 10 | 103 | 103.00 | 0 | 1 |
Mythology | 0 | 1 | 0 | 0 | 10 | 53 | 53.00 | 1 | 1 |
Philosophy | 0 | 1 | 0 | 0 | 10 | 123 | 123.00 | 0 | 1 |
Science - Physics | 0 | 1 | 0 | 0 | 10 | 73 | 73.00 | 1 | 1 |
Fine Arts - Classical Music | 0 | 1 | 0 | 0 | 10 | 72 | 72.00 | 0 | 1 |
History - European History | 0 | 1 | 1 | 0 | 5 | 59 | 59.00 | 0 | 1 |
Science - Other Science | 0 | 0 | 0 | 0 | 0 | 0.00 | 0 | 0 | |
Religion | 0 | 0 | 1 | 0 | -5 | 0.00 | 0 | 0 | |
History - American History | 0 | 0 | 1 | 0 | -5 | 0.00 | 0 | 0 | |
History - World History | 0 | 0 | 1 | 0 | -5 | 0.00 | 0 | 0 | |
Science - Chemistry | 0 | 0 | 2 | 0 | -10 | 0.00 | 0 | 0 |